| 000 | 00697nam a22002057a 4500 | ||
|---|---|---|---|
| 003 | OSt | ||
| 005 | 20230118121704.0 | ||
| 008 | 221006b |||||||| |||| 00| 0 eng d | ||
| 040 | _cBiblioteca Lado V | ||
| 082 |
_a778.55 _bS565c |
||
| 100 |
_9559 _aSichel, Berta _ecurador |
||
| 245 | _aCine y Casi Cine/ | ||
| 260 |
_bMuseo Nacional Centro de Arte Reina Sofia _c2007 _aCanopia |
||
| 300 |
_a57p. _c17x24cm |
||
| 650 |
_2Tesauro de Arte & Arquitectura _aCINE |
||
| 650 |
_2Tesauro de Arte & Arquitectura _aEXHIBICION DE CINE |
||
| 650 |
_2Tesauro de Arte & Arquitectura _aARTE VISUAL |
||
| 650 |
_2Tesauro de Arte & Arquitectura _aGUIA |
||
| 942 |
_2ddc _c1 _h778.55 _iS565c _n0 |
||
| 999 |
_c2816 _d2816 |
||